000 00936nam a2200229Ii 4500
003 JO-AjNU
008 230605s9999||||xx |||||||||||||| ||und||
017 _a2018/7/3226
020 _a978-9957-642-78-7
040 _aJO-AjNU
_bara
_erda
_cJO-AjNU
041 _aara
050 1 4 _aKMM139.5 2020
100 3 _aالبدران، باسل جبار,
_eauthor
_959234
245 0 0 _aالمهندس المقيم (المشرف) في عقد المفاولة الإنشائي
250 _aط1
264 3 1 _aعمان: الدار العلمية الدولية للنشر والتوزيع؛ دار الثقافة للنشر والتوزيع، 2020
300 _a244ص
_bيشتمل على مراجع ومصادر
336 _atext
_btxt
_2rdacontent
337 _aunmediated
_bn
_2rdamedia
338 _avolume
_bnc
_2rdacarrier
650 4 _aالعقود-التبعية القانونية-المهندسون-القانون الخاص
_959235
999 _aA26645
_c30213
_d30213